Quadros institucionais : do social ao jurídico (Registo nº 199079)
[ vista simples ]
| 000 -Etiqueta do registo | |
|---|---|
| Valores | 00512nam 22001693 4500 |
| 100 ## - Dados gerais de processamento | |
| Dados gerais | 20251117d u||y0pory50 ba |
| 200 ## - Titulo e menção de responsabilidade | |
| Título próprio | Quadros institucionais : do social ao jurídico |
| Primeira menção de responsabilidade | Paulo Ferreira da Cunha |
| 210 ## - Publicação | |
| Local de publicação | Porto |
| Nome do editor | Rés |
| Data de publicação | [s.d.] |
| 215 ## - Descrição física | |
| Paginação / Volumes | 378, [8] p. |
| Outras indicações físicas | il. ; encadernado |
| Dimensões | 21 cm |
| 606 ## - Nome comum usado como assunto | |
| ID Autoridade | 35 |
| Palavra de ordem | Sociologia. Demografia.Estatística |
| 675 ## - CDU | |
| Notação | 31 |
| Edição | PT |
| Língua | por |
| 700 ## - Autor principal (pessoa individual) | |
| ID Autoridade | 12591 |
| Apelido | Cunha |
| Nome | Paulo Ferreira da |
| 801 ## - Fonte de origem | |
| País | PT |
| Agência | BMMN |
| Regras de catalogação | RPC |
| 830 ## - Notas gerais do catalogador | |
| Criado por | Vanda |
| 990 ## - Elementos KOHA | |
| Tipo de documento | Livro |
| Situação do levantamento | Biblioteca de origem | Código de barras | Cota | Permissão de empréstimo | Tipo de documento | Forma de aquisição |
|---|---|---|---|---|---|---|
| Biblioteca Municipal de Montemor-o-Novo | 27811 | 31 CUN|DEP | Livro | Compra |